00300nam a2200109Ia 4500008004100000082001200041100001900053245008100072250002000153260000900173300000800182190415s9999 xx 000 0 und d aTB.0118 aBraham Prakash 0aInstitutional change in rural economy with special reference to western U.P. aAgra University c1971 a503